[Event "HEM 2009 C-Turnier"]
[Site "Idstein"]
[Date "2009.04.09"]
[Round "2"]
[White "Guenzler, Richard"]
[Black "Fußnecker, Manfred"]
[Result "1-0"]
[WhiteElo "1909"]
[BlackElo "1993"]
[PlyCount "73"]
[EventDate "2009.??.??"]

1. e4 e5 2. Nf3 d6 3. d4 exd4 4. Nxd4 Nf6 5. Nc3 Be7 6. Be2 O-O 7. O-O Re8 8.
f4 Bf8 9. Bf3 Nbd7 10. Re1 c6 11. Be3 Nc5 12. Bf2 Ne6 13. Qd2 Qc7 14. Rad1 g6
15. h3 Bh6 16. Nde2 d5 17. e5 Nd7 18. Be3 Nb6 19. b3 Bg7 20. g4 f5 21. gxf5
gxf5 22. Ng3 d4 23. Bxd4 Nxd4 24. Qxd4 Be6 25. Kh2 Rad8 26. Qf2 Kh8 27. Nh5
Rxd1 28. Nxd1 Nd5 29. Bxd5 Bxd5 30. Rg1 Re7 31. Ne3 Be6 32. Qh4 Bxe5 33. fxe5
Qxe5+ 34. Qf4 Bf7 35. Nc4 Qe2+ 36. Rg2 Qxh5 37. Qd4+ 1-0

[Event "HEM 2009 C-Turnier"]
[Site "Idstein"]
[Date "2009.04.09"]
[Round "2"]
[White "Rompel, Michael"]
[Black "Ewin, Hans-Peter"]
[Result "1/2-1/2"]
[WhiteElo "1992"]
[BlackElo "1897"]
[PlyCount "88"]
[EventDate "2009.??.??"]

1. d4 Nf6 2. Bg5 Ne4 3. Bf4 c5 4. d5 d6 5. f3 Qa5+ 6. c3 Nf6 7. e4 g6 8. Nd2
Nbd7 9. Bd3 Bg7 10. Ne2 O-O 11. O-O Nh5 12. Be3 e6 13. dxe6 fxe6 14. Qb3 Ne5
15. Nc4 Nxc4 16. Bxc4 Re8 17. Rad1 Qc7 18. Rfe1 Kh8 19. Bg5 h6 20. Bh4 g5 21.
Bf2 Bd7 22. Bd3 Be5 23. Bb1 b6 24. Qc2 Bc6 25. Qd2 Rf8 26. h4 Qg7 27. hxg5 hxg5
28. Be3 Nf4 29. Kf2 Qf6 30. Rh1+ Kg7 31. Ng3 Rh8 32. Rdf1 Bb5 33. Rfg1 Raf8 34.
Qd1 d5 35. Rxh8 Rxh8 36. exd5 Nxd5 37. Ne4 Qf5 38. Bxg5 Bf4 39. Bxf4 Qxf4 40.
Qd2 Qh4+ 41. g3 Qh2+ 42. Rg2 Qh1 43. Qg5+ Kf8 44. Qd8+ Kg7 1/2-1/2

[Event "HEM 2009 C-Turnier"]
[Site "Idstein"]
[Date "2009.04.09"]
[Round "2"]
[White "Minor, Dieter"]
[Black "Launert, Martin"]
[Result "1-0"]
[WhiteElo "1848"]
[BlackElo "1988"]
[PlyCount "138"]
[EventDate "2009.??.??"]

1. d4 Nf6 2. Nf3 d5 3. Bf4 Bf5 4. e3 e6 5. Nbd2 Be7 6. h3 a6 7. Ne5 Nbd7 8.
Ndf3 h6 9. Be2 c5 10. O-O O-O 11. c3 Ne4 12. Bh2 Rc8 13. Nxd7 Qxd7 14. Ne5 Qd8
15. f3 Nf6 16. Bd3 Bxd3 17. Qxd3 Nd7 18. Rf2 Bh4 19. g3 Nxe5 20. dxe5 Be7 21.
Kg2 b5 22. a4 c4 23. Qd2 Qa5 24. f4 bxa4 25. g4 Rb8 26. f5 Bh4 27. Bg3 Bxg3 28.
Kxg3 Rb3 29. fxe6 fxe6 30. Rxf8+ Kxf8 31. Qf2+ Kg8 32. Rf1 Qc7 33. Qf8+ Kh7 34.
Qd6 Qb6 35. Qxb6 Rxb6 36. Ra1 Rxb2 37. Rxa4 Rb6 38. Kf3 Kg6 39. Kf4 Kf7 40. e4
g5+ 41. Ke3 Ke7 42. Kd4 dxe4 43. Rxc4 Kd7 44. Kxe4 Rc6 45. Rd4+ Kc7 46. Kd3 Rc5
47. Rd6 Rc6 48. Rd4 a5 49. Ra4 Rc5 50. Kd4 Rd5+ 51. Ke4 Kb6 52. Ra1 Kb5 53.
Rb1+ Kc4 54. Rb6 a4 55. Rxe6 Ra5 56. Rc6+ Kb5 57. Rd6 a3 58. e6 Ra8 59. Rd1 a2
60. Ra1 Kc6 61. Ke5 Kc7 62. Kf6 Ra4 63. Kg6 Kd6 64. Kxh6 Ra5 65. c4 Kxe6 66. c5
Kf6 67. Rf1+ Ke7 68. Re1+ Kd7 69. Ra1 Ke6 1-0

[Event "HEM 2009 C-Turnier"]
[Site "Idstein"]
[Date "2009.04.09"]
[Round "2"]
[White "Gutacker, Stephan"]
[Black "Rump, Andreas"]
[Result "0-1"]
[WhiteElo "1967"]
[BlackElo "1801"]
[PlyCount "80"]
[EventDate "2009.??.??"]

1. e4 d6 2. d4 Nf6 3. Nc3 g6 4. Bg5 Bg7 5. e5 dxe5 6. dxe5 Qxd1+ 7. Rxd1 Ng8 8.
Nf3 c6 9. Be2 Bg4 10. O-O Nd7 11. Rfe1 Bxf3 12. Bxf3 Nxe5 13. Ne4 h6 14. Bf4
Rd8 15. Bxe5 Bxe5 16. Nc5 Rxd1 17. Rxd1 Bxb2 18. Nxb7 Kf8 19. Bxc6 Nf6 20. Rb1
Bd4 21. Rb4 Bb6 22. c4 Kg7 23. h3 Rc8 24. Bf3 Nd7 25. a4 Rc7 26. a5 Bd4 27. a6
Bc3 28. Rb3 Rxc4 29. Bd5 Rc7 30. Nd8 Be5 31. g3 Nc5 32. Rb5 Bd4 33. Bxf7 Nxa6
34. Bd5 Rc1+ 35. Kg2 Nc7 36. Ne6+ Nxe6 37. Bxe6 Rc2 38. Kf3 Rxf2+ 39. Ke4 Re2+
40. Kxd4 Rxe6 0-1

[Event "HEM 2009 C-Turnier"]
[Site "Idstein"]
[Date "2009.04.09"]
[Round "2"]
[White "Schwarz, Eduard"]
[Black "Zuschlag, Volker"]
[Result "1-0"]
[WhiteElo "1846"]
[BlackElo "1964"]
[PlyCount "73"]
[EventDate "2009.??.??"]

1. d4 d5 2. c4 e6 3. Nc3 c6 4. e4 Bb4 5. cxd5 exd5 6. exd5 Qxd5 7. Nf3 f5 8.
Bd3 Nf6 9. O-O Bxc3 10. bxc3 O-O 11. Ne5 Qd8 12. Bg5 Be6 13. Re1 Qc8 14. Qc2
Na6 15. Bxa6 bxa6 16. Bxf6 Rxf6 17. Qa4 Bf7 18. Nd3 Rb8 19. Nc5 Qd8 20. Qxa6
Qc7 21. Rab1 Rd6 22. Rxb8+ Qxb8 23. a3 Rh6 24. g3 f4 25. Qb7 Qd8 26. Qe7 Qc8
27. Qd7 Qf8 28. Qxa7 fxg3 29. fxg3 Bc4 30. Qe7 Rf6 31. Qxf8+ Rxf8 32. a4 Rf3
33. Rc1 Re3 34. a5 Re2 35. Ra1 Bd5 36. Ra4 Re7 37. a6 1-0

[Event "HEM 2009 C-Turnier"]
[Site "Idstein"]
[Date "2009.04.09"]
[Round "2"]
[White "Zimmer, Gerald"]
[Black "Matzies, Alexander"]
[Result "1/2-1/2"]
[WhiteElo "1772"]
[BlackElo "1961"]
[PlyCount "73"]
[EventDate "2009.??.??"]

1. d4 Nf6 2. Nf3 g6 3. e3 Bg7 4. Bd3 O-O 5. b3 d6 6. Bb2 c5 7. O-O Nc6 8. a3
Qc7 9. c4 e5 10. d5 Ne7 11. Nc3 Nh5 12. Nh4 f5 13. f4 Bf6 14. g3 Bd7 15. Be2
Ng7 16. Ng2 a6 17. a4 Rae8 18. h4 h5 19. Qc2 Kh8 20. Rae1 Ng8 21. Bd1 Nh6 22.
Nb1 b5 23. axb5 axb5 24. Nd2 e4 25. Bxf6 Rxf6 26. Be2 Rff8 27. Ra1 Ra8 28. Qb2
Ng4 29. Bxg4 hxg4 30. Rxa8 Rxa8 31. Ra1 Ra5 32. Qf6 Rxa1+ 33. Qxa1 Kh7 34. Qa6
b4 35. Kf2 Bc8 36. Qa1 Nh5 37. Nf1 1/2-1/2

[Event "HEM 2009 C-Turnier"]
[Site "Idstein"]
[Date "2009.04.09"]
[Round "2"]
[White "Grass, Ernest"]
[Black "Zhukov, Leonid"]
[Result "1/2-1/2"]
[WhiteElo "1948"]
[BlackElo "1770"]
[PlyCount "80"]
[EventDate "2009.??.??"]

1. e4 e5 2. Nf3 Nf6 3. d4 Nxe4 4. dxe5 d5 5. exd6 Bxd6 6. Bd3 Nc5 7. O-O Nxd3
8. Qxd3 O-O 9. Nc3 Nc6 10. a3 h6 11. Ne2 Bg4 12. h3 Bh5 13. Qc3 Re8 14. Nf4
Bxf3 15. Qxf3 Qf6 16. Be3 Qxb2 17. Nh5 Qe5 18. g3 Nd4 19. Qg4 Nf5 20. Bf4 Qe6
21. Bxd6 cxd6 22. Nf4 Qe4 23. Rae1 Qxe1 24. Rxe1 Rxe1+ 25. Kg2 Ne7 26. Qd7 Ng6
27. Nd3 Re7 28. Qxd6 Rc8 29. h4 Rec7 30. Nb4 a5 31. Nd5 Rxc2 32. h5 R2c6 33.
Qd7 Nf8 34. Qxb7 Kh8 35. Ne7 R6c7 36. Qe4 Rd8 37. Qe5 Rdd7 38. Nf5 f6 39. Qxa5
Ra7 40. Qb4 Kg8 1/2-1/2

[Event "HEM 2009 C-Turnier"]
[Site "Idstein"]
[Date "2009.04.09"]
[Round "2"]
[White "Held, Helmut"]
[Black "Larem, Peter"]
[Result "1-0"]
[WhiteElo "1768"]
[BlackElo "1935"]
[PlyCount "71"]
[EventDate "2009.??.??"]

1. e4 e5 2. Nf3 Nf6 3. d4 Nxe4 4. Bd3 d5 5. dxe5 Be7 6. O-O Bg4 7. c4 Nc5 8.
cxd5 Qxd5 9. Bb5+ Qc6 10. Bxc6+ Nxc6 11. Na3 Nxe5 12. h3 Nxf3+ 13. gxf3 Bxh3
14. Re1 Rd8 15. Qe2 Be6 16. Be3 Rd5 17. Nb5 Bd6 18. Nxd6+ cxd6 19. Red1 O-O 20.
Rxd5 Bxd5 21. b3 Re8 22. Rd1 Bc6 23. Rxd6 Ne6 24. Qd1 a6 25. f4 g6 26. b4 f5
27. Kh2 Kf7 28. Kg3 h5 29. Qb3 Re7 30. a4 Be4 31. f3 Bc6 32. b5 axb5 33. axb5
Be8 34. Bd4 Bd7 35. Be5 Kf8 36. Bf6 1-0

[Event "HEM 2009 C-Turnier"]
[Site "Idstein"]
[Date "2009.04.09"]
[Round "2"]
[White "Winter, Lars"]
[Black "Wachtel, Johann"]
[Result "1/2-1/2"]
[WhiteElo "2016"]
[BlackElo "1712"]
[PlyCount "44"]
[EventDate "2009.??.??"]

1. e4 e5 2. Bc4 Nc6 3. Nf3 Bc5 4. c3 d6 5. d4 exd4 6. cxd4 Bb6 7. h3 Qf6 8. Bg5
Qg6 9. Nc3 Nxd4 10. Nxd4 Qxg5 11. Qf3 Nh6 12. Rd1 O-O 13. O-O c6 14. Rd3 Bd7
15. Qd1 Rad8 16. Nf3 Qg6 17. Rxd6 Be6 18. Bxe6 Rxd6 19. Qxd6 Qxe6 20. Rd1 Qxd6
21. Rxd6 Rd8 22. Rxd8+ Bxd8 1/2-1/2

[Event "HEM 2009 C-Turnier"]
[Site "Idstein"]
[Date "2009.04.09"]
[Round "2"]
[White "Hoppe, Michael"]
[Black "Bolduan, Michael"]
[Result "1/2-1/2"]
[WhiteElo "1935"]
[BlackElo "1883"]
[PlyCount "37"]
[EventDate "2009.??.??"]

1. c4 f5 2. Nc3 Nf6 3. g3 e6 4. Bg2 d5 5. d4 c6 6. cxd5 exd5 7. Nf3 Bd6 8. O-O
O-O 9. Bg5 Qe8 10. Bxf6 Rxf6 11. e3 Nd7 12. Ne2 Rh6 13. Nf4 Nf6 14. h3 Ne4 15.
Kh2 g5 16. Nd3 Be6 17. Nfe5 Rc8 18. Rc1 Rc7 19. f3 1/2-1/2

[Event "HEM 2009 C-Turnier"]
[Site "Idstein"]
[Date "2009.04.09"]
[Round "2"]
[White "Schmitt, Carsten"]
[Black "Loehr, Holger"]
[Result "1-0"]
[WhiteElo "1988"]
[BlackElo "1730"]
[PlyCount "107"]
[EventDate "2009.??.??"]

1. e4 e6 2. b3 c5 3. Bb2 d6 4. Nf3 Nf6 5. Nc3 a6 6. d4 cxd4 7. Nxd4 Be7 8. Qd2
Qc7 9. O-O-O Nc6 10. f3 Nxd4 11. Qxd4 b5 12. Kb1 Bb7 13. g4 h6 14. a4 bxa4 15.
Nxa4 d5 16. Qb6 Qxb6 17. Nxb6 Rd8 18. e5 Nd7 19. Nxd7 Rxd7 20. Bd4 O-O 21. Kb2
Rc8 22. Ra1 Rdc7 23. Bd3 Bb4 24. Rhf1 Kf8 25. Rf2 Ra8 26. f4 Ke8 27. f5 Bc5 28.
Bxc5 Rxc5 29. Raf1 Rc7 30. fxe6 fxe6 31. Rf8+ Kd7 32. R1f7+ Kc6 33. Rxc7+ Kxc7
34. Rxa8 Bxa8 35. Bxa6 Bc6 36. Kc3 Bd7 37. Kd4 Kb6 38. Bd3 g5 39. Be2 Be8 40.
Bd3 Bd7 41. Bg6 Kc6 42. c3 Kb6 43. Bd3 Be8 44. Ke3 Kc6 45. Kf3 Kb6 46. Kg3 Kc6
47. h4 Kb6 48. hxg5 hxg5 49. Kf3 Kc6 50. Ke3 Kb6 51. Kd4 Kc6 52. Be2 Kb6 53.
Bf3 Kc6 54. c4 1-0

[Event "HEM 2009 C-Turnier"]
[Site "Idstein"]
[Date "2009.04.09"]
[Round "2"]
[White "Wesoly, Helge"]
[Black "Geringer, Waldemar"]
[Result "0-1"]
[WhiteElo "1811"]
[BlackElo "1947"]
[PlyCount "94"]
[EventDate "2009.??.??"]

1. d4 Nf6 2. c4 g6 3. Nc3 Bg7 4. e4 d6 5. f4 O-O 6. Nf3 Nbd7 7. e5 dxe5 8. fxe5
Ne8 9. Bf4 e6 10. Bd3 f6 11. exf6 Ndxf6 12. O-O Ng4 13. Qd2 Bxd4+ 14. Nxd4
Qxd4+ 15. Kh1 Nd6 16. Nb5 Nxb5 17. cxb5 Bd7 18. h3 Ne5 19. Be2 Qxd2 20. Bxd2
Nf7 21. Rad1 Nd6 22. a4 Rxf1+ 23. Bxf1 Rf8 24. Bb4 Rf4 25. Bxd6 cxd6 26. g3 Rf5
27. Bg2 d5 28. Rc1 Rf7 29. h4 Kf8 30. Bh3 Re7 31. Re1 Ke8 32. Kg2 e5 33. Rd1
Bxh3+ 34. Kxh3 d4 35. Kg4 Kd7 36. Kf3 e4+ 37. Ke2 d3+ 38. Ke3 Kd6 39. b4 Kd5
40. Rc1 b6 41. a5 Rf7 42. Rc8 Rf3+ 43. Kd2 Rf2+ 44. Ke1 e3 45. Rd8+ Kc4 46. Re8
d2+ 47. Kd1 Rf1+ 0-1

[Event "HEM 2009 C-Turnier"]
[Site "Idstein"]
[Date "2009.04.09"]
[Round "2"]
[White "Juhnke, Peter"]
[Black "Will, Dominik"]
[Result "1/2-1/2"]
[WhiteElo "1945"]
[BlackElo "1791"]
[PlyCount "28"]
[EventDate "2009.??.??"]

1. e4 c6 2. d4 d5 3. exd5 cxd5 4. Bd3 Nc6 5. c3 Nf6 6. Nf3 Bg4 7. Bf4 e6 8.
Nbd2 Bd6 9. Bxd6 Qxd6 10. Qa4 O-O 11. O-O a6 12. Rae1 b5 13. Qc2 Rac8 14. a3 b4
1/2-1/2

[Event "HEM 2009 C-Turnier"]
[Site "Idstein"]
[Date "2009.04.09"]
[Round "2"]
[White "Engelbert, Thomas"]
[Black "Foerster, Rudi"]
[Result "1-0"]
[WhiteElo "1716"]
[BlackElo "1936"]
[PlyCount "55"]
[EventDate "2009.??.??"]

1. d4 d5 2. c4 Nc6 3. Nc3 dxc4 4. e3 Nf6 5. Bxc4 e6 6. Nge2 Na5 7. Bd3 c5 8.
O-O c4 9. Bxc4 Qc7 10. Bd3 Bd7 11. Ng3 h5 12. h3 Bd6 13. Nce4 Nxe4 14. Nxe4
Bh2+ 15. Kh1 h4 16. Bd2 Nc6 17. Nc5 O-O-O 18. Rc1 g5 19. b4 e5 20. Nxd7 exd4
21. b5 Qxd7 22. bxc6 bxc6 23. Qf3 Kb7 24. Be4 dxe3 25. Bxc6+ Kb8 26. Bxd7 exd2
27. Rb1+ Kc7 28. Qc6# 1-0

[Event "HEM 2009 C-Turnier"]
[Site "Idstein"]
[Date "2009.04.09"]
[Round "2"]
[White "Weber, Andreas"]
[Black "Raab, Hendrik"]
[Result "1/2-1/2"]
[WhiteElo "1921"]
[BlackElo "1789"]
[PlyCount "44"]
[EventDate "2009.??.??"]

1. f4 d5 2. Nf3 c5 3. d3 Nc6 4. g3 Nf6 5. Bg2 g6 6. O-O Bg7 7. Qe1 d4 8. a4 Nb4
9. Na3 Nbd5 10. e4 dxe3 11. Bxe3 b6 12. Bd2 Rb8 13. c4 Nc7 14. Ne5 Bd7 15. Nb5
Ne6 16. Nc6 Bxc6 17. Bxc6+ Nd7 18. Bc3 a6 19. Bxg7 Nxg7 20. Nd6+ Kf8 21. Ne4
Qc7 22. Bxd7 Qxd7 1/2-1/2

[Event "HEM 2009 C-Turnier"]
[Site "Idstein"]
[Date "2009.04.09"]
[Round "2"]
[White "Egenolf, Dirk"]
[Black "Sammons, Daniel"]
[Result "1-0"]
[WhiteElo "1896"]
[BlackElo "1705"]
[PlyCount "91"]
[EventDate "2009.??.??"]

1. Nf3 d5 2. g3 c5 3. Bg2 Nc6 4. O-O Nf6 5. d3 e6 6. Nbd2 Be7 7. e4 O-O 8. Re1
d4 9. e5 Nd5 10. h4 Rb8 11. Qe2 b6 12. Ne4 Qc7 13. Neg5 h6 14. Nh3 f6 15. exf6
Nxf6 16. Nf4 e5 17. Ng6 Bg4 18. Nxf8 Rxf8 19. Qf1 Nb4 20. Nxe5 Nxc2 21. Ng6
Nxe1 22. Nxf8 Nc2 23. Bf4 Bd6 24. Bxd6 Qxd6 25. Rc1 Nb4 26. Ng6 Bf5 27. Nf4 g5
28. hxg5 hxg5 29. a3 gxf4 30. axb4 Ng4 31. Bh3 fxg3 32. Bxg4 Bxg4 33. f3 Qh6
34. Rc2 Qe3+ 35. Kg2 Bf5 36. Qe2 Bxd3 37. Qxe3 dxe3 38. Rc1 cxb4 39. Kxg3 a5
40. f4 a4 41. Kf3 a3 42. bxa3 b3 43. Rg1+ Kf7 44. Kxe3 Bc2 45. Kd2 Kf6 46. Rg5
1-0

[Event "HEM 2009 C-Turnier"]
[Site "Idstein"]
[Date "2009.04.09"]
[Round "2"]
[White "Haftmann, Rainer"]
[Black "Friedrich, Helmut"]
[Result "1-0"]
[WhiteElo "1877"]
[BlackElo "1704"]
[PlyCount "105"]
[EventDate "2009.??.??"]

1. e4 e5 2. Nf3 d6 3. d4 exd4 4. Nxd4 Nf6 5. Nc3 a6 6. Be2 Be7 7. O-O O-O 8.
Be3 Bd7 9. f4 Nc6 10. Bf3 Nxd4 11. Bxd4 c5 12. Bxf6 gxf6 13. Nd5 Bc6 14. f5 Rc8
15. Qd2 Kg7 16. Rad1 Bxd5 17. exd5 Rg8 18. Bh5 Qc7 19. Rf3 Rcf8 20. Re1 Bd8 21.
c4 b5 22. b3 Qd7 23. Re4 Kh8 24. Rg4 Rxg4 25. Bxg4 Rg8 26. Bh3 Qe7 27. Re3 Qf8
28. Qe2 b4 29. Qe1 a5 30. Qh4 Rg5 31. Qe4 Rg8 32. Rg3 Rxg3 33. hxg3 Qg8 34. Kh2
h6 35. Qf4 Qf8 36. Bg4 Kh7 37. Bh5 Qe7 38. Qf3 Qe8 39. Qe2 Qf8 40. Qe4 Kg7 41.
Kg1 Qh8 42. Kf2 Kf8 43. Bxf7 Kxf7 44. Qe6+ Kf8 45. Qxd6+ Ke8 46. Qc6+ Kf8 47.
Qd7 Be7 48. d6 Bxd6 49. Qxd6+ Kf7 50. Qc7+ Kg8 51. Qc8+ Kh7 52. Qxh8+ Kxh8 53.
Ke3 1-0

[Event "HEM 2009 C-Turnier"]
[Site "Idstein"]
[Date "2009.04.09"]
[Round "2"]
[White "Heckwolf, Thomas"]
[Black "Kutschera, Julian"]
[Result "0-1"]
[WhiteElo "1618"]
[BlackElo "1868"]
[PlyCount "92"]
[EventDate "2009.??.??"]

1. e4 c6 2. Bc4 d5 3. exd5 cxd5 4. Bb3 Nf6 5. d4 Nc6 6. c3 Bf5 7. Bf4 e6 8. Nf3
Be7 9. Nbd2 O-O 10. O-O b5 11. Re1 Qb6 12. a3 a5 13. Ne5 Rfc8 14. Nxc6 Rxc6 15.
Nf3 Bg4 16. h3 Bxf3 17. Qxf3 Rac8 18. Rac1 b4 19. axb4 axb4 20. Ba4 Rc4 21. Bb3
bxc3 22. Bxc4 cxb2 23. Bf1 Rxc1 24. Rxc1 bxc1=Q 25. Bxc1 Qxd4 26. Be3 Qc3 27.
Qe2 h6 28. Qd3 Qxd3 29. Bxd3 Kf8 30. Kf1 Bd6 31. Ke2 Ke7 32. f4 Nd7 33. Bc2 f6
34. g4 e5 35. f5 Bc5 36. Bd2 Kd6 37. h4 Nb8 38. g5 hxg5 39. hxg5 Nc6 40. Bb1
Nd4+ 41. Kd1 e4 42. gxf6 gxf6 43. Bf4+ Kc6 44. Kd2 Bb4+ 45. Ke3 Nxf5+ 46. Ke2
Nd6 0-1